[Event "20th Corsica Masters Open"]
[Site "Bastia FRA"]
[Date "2016.10.23"]
[Round "2.3"]
[White "Meskovs, Nikita"]
[Black "Gharamian, Tigran"]
[Result "1/2-1/2"]
[WhiteTitle "IM"]
[BlackTitle "GM"]
[WhiteElo "2483"]
[BlackElo "2626"]
[WhiteFideId "11602740"]
[BlackFideId "13301527"]
[EventDate "2016.10.22"]

1. d4 Nf6 2. c4 e6 3. Nc3 Bb4 4. f3 c5 5. d5 O-O 6. e4 d6 7. Ne2 a6 8. Nf4 b5 9.
Be2 e5 10. Nd3 Ba5 11. O-O Nbd7 12. Nf2 bxc4 13. Na4 Ne8 14. Ng4 Nb6 15. Nxb6
Qxb6 16. Bxc4 f5 17. exf5 Bxf5 18. f4 exf4 19. Rxf4 Ra7 20. Qb3 Re7 21. Qxb6
Bxb6 22. Ne3 Bc8 23. Rxf8+ Kxf8 24. Bd2 Nf6 25. Rf1 Rf7 26. a4 Ne4 27. Be1 g6
28. a5 Bc7 29. Bd3 Rxf1+ 30. Kxf1 Nf6 31. b4 cxb4 32. Bxb4 Ke7 33. Ke2 Bb7 34.
Bc4 Bb8 35. g4 Ba7 36. g5 Ne4 37. h4 Ng3+ 38. Kf3 Bxe3 39. Kxg3 Bd4 40. Bd2 Be5+
41. Kf3 Bc8 42. Bd3 Bb7 43. Bc4 Bc8 44. Bd3 Bb7 45. Bc4 1/2-1/2

[Event "20th Corsica Masters Open"]
[Site "Bastia FRA"]
[Date "2016.10.23"]
[Round "3.1"]
[White "Korobov, Anton"]
[Black "Antipov, Mikhail Al."]
[Result "1/2-1/2"]
[WhiteTitle "GM"]
[BlackTitle "GM"]
[WhiteElo "2687"]
[BlackElo "2557"]
[WhiteFideId "14105730"]
[BlackFideId "4107012"]
[EventDate "2016.10.22"]

1. d4 Nf6 2. c4 e6 3. Nc3 Bb4 4. Qc2 d6 5. Bg5 Nbd7 6. e3 b6 7. Ne2 Bb7 8. a3
Bxc3+ 9. Nxc3 O-O 10. f3 h6 11. Bh4 c5 12. Rd1 Qe7 13. Be2 d5 14. cxd5 exd5 15.
Bf2 Rfd8 16. O-O Nf8 17. Rfe1 Ne8 18. Qf5 Qe6 19. Qb1 Qe7 20. dxc5 bxc5 21. b4
cxb4 22. Qxb4 Qxb4 23. axb4 Ne6 24. Bh4 g5 25. Bg3 Rac8 26. Nb5 a6 27. Nd4 Nxd4
28. Rxd4 Nd6 29. Rd2 Nc4 30. Rd3 Re8 31. Bf1 Bc6 32. h4 Kg7 33. hxg5 hxg5 34.
Kf2 f6 35. Rc1 Bb5 36. Rdc3 f5 37. Bh2 Kf6 38. g4 fxg4 39. fxg4 Rcd8 40. Be2 Re6
41. Bf3 Nb2 42. Bc7 Rd7 43. Be2 d4 44. Bxb5 dxc3 45. Bxd7 Nd3+ 46. Ke2 Nxc1+ 47.
Kd1 Nd3 48. Bd8+ Kf7 49. Bxe6+ Kxe6 50. Kc2 Nxb4+ 51. Kxc3 Nc6 52. Bxg5 Ne5 53.
Kb4 Nxg4 54. Ka5 Nxe3 55. Bxe3 Ke5 1/2-1/2

[Event "20th Corsica Masters Open"]
[Site "Bastia FRA"]
[Date "2016.10.23"]
[Round "3.6"]
[White "Arutyunova, Diana"]
[Black "Donchenko, Alexander"]
[Result "0-1"]
[WhiteTitle "WGM"]
[BlackTitle "GM"]
[WhiteElo "2220"]
[BlackElo "2581"]
[WhiteFideId "14107244"]
[BlackFideId "24603295"]
[EventDate "2016.10.22"]

1. e4 c5 2. Nf3 d6 3. Bb5+ Nd7 4. c3 Nf6 5. Qe2 a6 6. Ba4 b5 7. Bc2 Bb7 8. d4 e5
9. O-O Be7 10. Rd1 Qb6 11. d5 O-O 12. Nh4 g6 13. Rd3 Ne8 14. Rh3 Qd8 15. Nf3
Ndf6 16. Bh6 Ng7 17. Qd2 Bc8 18. Bxg7 Kxg7 19. Qh6+ Kh8 20. Rh4 Rg8 21. a4 Rg7
22. Qe3 Ng8 23. g3 g5 24. Rh5 Bg4 25. axb5 Bxh5 26. Rxa6 Rxa6 27. bxa6 Qc8 28.
Bd3 c4 29. Bxc4 Qxc4 30. a7 Qa6 31. c4 Bxf3 32. Qa3 Qxc4 33. Qxf3 Qc8 34. Qc3
Qb7 35. Qa5 Qa8 36. Qc7 Nf6 37. Nc3 Qe8 38. b4 Rg8 39. b5 Nd7 40. b6 Bd8 41.
Qxd6 Bxb6 42. Nb5 Bxa7 43. Nxa7 Rg6 44. Qc7 Nf6 45. Nc8 Nxe4 46. d6 Nf6 47. Nb6
Rg8 48. Qc3 0-1

[Event "20th Corsica Masters Open"]
[Site "Bastia FRA"]
[Date "2016.10.25"]
[Round "5.8"]
[White "Loiseau, Quentin"]
[Black "Lagarde, Maxime"]
[Result "1/2-1/2"]
[WhiteTitle "IM"]
[BlackTitle "GM"]
[WhiteElo "2439"]
[BlackElo "2593"]
[WhiteFideId "665274"]
[BlackFideId "662399"]
[EventDate "2016.10.22"]

1. d4 Nf6 2. c4 g6 3. Nc3 d5 4. cxd5 Nxd5 5. e4 Nxc3 6. bxc3 Bg7 7. Be3 c5 8.
Nf3 Bg4 9. Rc1 Qa5 10. Qd2 Bxf3 11. gxf3 O-O 12. d5 Nd7 13. c4 Qa3 14. Be2 Bd4
15. O-O e5 16. dxe6 fxe6 17. Bxd4 cxd4 18. Qxd4 Nc5 19. Qe5 Qxa2 20. Rfe1 b6 21.
Rcd1 Rf7 22. h4 Qa6 23. h5 Qb7 24. Kh1 Qe7 25. Kg2 Raf8 26. Rh1 Qf6 27. Qxf6
Rxf6 28. Kg3 g5 29. h6 Kf7 30. e5 Rf4 31. Ra1 a6 32. Rhb1 Rb8 33. Ra5 bxa5 34.
Rxb8 a4 35. Rc8 Nd7 36. Ra8 Nxe5 37. Rxa6 Nxc4 38. Rxa4 Nd6 39. Rxf4+ gxf4+ 40.
Kxf4 Kf6 41. Kg4 Kg6 42. Kf4 Kf6 43. Kg4 Kg6 44. Kf4 Kf6 1/2-1/2

[Event "20th Corsica Masters Open"]
[Site "Bastia FRA"]
[Date "2016.10.25"]
[Round "6.8"]
[White "Donchenko, Alexander"]
[Black "Piscopo, Pierluigi"]
[Result "1/2-1/2"]
[WhiteTitle "GM"]
[BlackTitle "IM"]
[WhiteElo "2581"]
[BlackElo "2405"]
[WhiteFideId "24603295"]
[BlackFideId "809152"]
[EventDate "2016.10.22"]

1. Nf3 Nf6 2. c4 g6 3. g3 Bg7 4. Bg2 O-O 5. d4 d6 6. Nc3 c5 7. O-O Nc6 8. b3
cxd4 9. Nxd4 Nxd4 10. Qxd4 d5 11. cxd5 Nxd5 12. Qxd5 Bxc3 13. Bh6 Qxd5 14. Bxd5
Rd8 15. Rad1 Bh3 16. Bg2 Bxg2 17. Kxg2 Rac8 18. Kf3 a6 19. g4 Be5 20. Rxd8+ Rxd8
21. Ke4 Bg7 22. Be3 f6 23. f4 e6 24. f5 Kf7 25. Bd4 exf5+ 26. gxf5 gxf5+ 27. Kd3
Ke6 28. Rf3 Rd7 29. Re3+ Kf7 30. Rf3 Ke6 31. Re3+ Kf7 32. Rf3 Ke6 1/2-1/2

[Event "20th Corsica Masters Open"]
[Site "Bastia FRA"]
[Date "2016.10.26"]
[Round "8.7"]
[White "Vocaturo, Daniele"]
[Black "Skomorokhin, Roman"]
[Result "1-0"]
[WhiteTitle "GM"]
[BlackTitle "IM"]
[WhiteElo "2600"]
[BlackElo "2399"]
[WhiteFideId "813192"]
[BlackFideId "4112610"]
[EventDate "2016.10.22"]

1. e4 d6 2. d4 Nf6 3. Nc3 e5 4. Nf3 Nbd7 5. Bc4 Be7 6. a4 O-O 7. O-O c6 8. h3 b6
9. Qe2 a6 10. Rd1 Qc7 11. Be3 Bb7 12. dxe5 dxe5 13. Nh4 Nc5 14. Nf5 Bc8 15.
Nxe7+ Qxe7 16. f3 a5 17. Qd2 Be6 18. Bxe6 Qxe6 19. Bxc5 bxc5 20. Qd6 Rab8 21.
Qxe6 fxe6 22. Rab1 Kf7 23. Rd6 Rfc8 24. Nd1 Rb4 25. b3 Ke7 26. Rd3 c4 27. Rc3
cxb3 28. cxb3 Rcb8 29. Rb2 Nd7 30. Kf2 c5 31. Ke3 Kd6 32. Kd2 Nb6 33. Rd3+ Rd4
34. Ne3 Kc6 35. Rc2 Rbd8 36. Rc3 h5 37. h4 g6 38. Ke2 R8d6 39. Rd1 Rxd1 40. Nxd1
Rd4 41. Ne3 Rd7 42. Nc2 Rd8 43. Na3 Rd4 44. Nc2 Rd7 45. g3 Rd8 46. f4 Rb8 47.
fxe5 Nd7 48. Nd4+ Kb6 49. Nxe6 Re8 50. Nf4 Nxe5 51. Nd5+ Kc6 52. b4 axb4 53.
Nxb4+ Kd6 54. Nd3 Nd7 55. Kf3 Ra8 56. Rc4 Rb8 57. e5+ Kd5 58. Re4 Rb3 59. Re3 c4
60. Nf4+ Kd4 61. Ne2+ Kd5 62. Nc3+ Kd4 63. Nb5+ Kd5 64. e6 Ne5+ 65. Kf4 g5+ 66.
hxg5 Ng6+ 67. Kf3 Ne5+ 68. Ke2 Rb2+ 69. Kf1 Rb1+ 70. Ke2 Rb2+ 71. Kd1 Ng4 72.
Re2 Rxe2 73. Kxe2 Kxe6 74. a5 Ne5 75. a6 Nc6 76. Ke3 c3 77. Nxc3 Kf5 78. Ne4 1-0

[Event "20th Corsica Masters Open"]
[Site "Bastia FRA"]
[Date "2016.10.27"]
[Round "9.1"]
[White "Antipov, Mikhail Al."]
[Black "Moiseenko, Alexander"]
[Result "1/2-1/2"]
[WhiteTitle "GM"]
[BlackTitle "GM"]
[WhiteElo "2557"]
[BlackElo "2648"]
[WhiteFideId "4107012"]
[BlackFideId "14102560"]
[EventDate "2016.10.22"]

1. e4 c5 2. Nf3 Nc6 3. Bb5 g6 4. Bxc6 bxc6 5. O-O Bg7 6. c3 Nh6 7. Re1 O-O 8. d4
cxd4 9. cxd4 d6 10. h3 f6 11. Nc3 Nf7 12. b3 Qa5 13. Bb2 Ng5 14. Nd2 Nxh3+ 15.
gxh3 Qg5+ 16. Kh2 Qf4+ 17. Kg1 Qg5+ 18. Kh2 Qf4+ 19. Kg1 Qg5+ 1/2-1/2

[Event "20th Corsica Masters Open"]
[Site "Bastia FRA"]
[Date "2016.10.27"]
[Round "9.2"]
[White "Leenhouts, Koen"]
[Black "Korobov, Anton"]
[Result "1/2-1/2"]
[WhiteTitle "IM"]
[BlackTitle "GM"]
[WhiteElo "2499"]
[BlackElo "2687"]
[WhiteFideId "1008439"]
[BlackFideId "14105730"]
[EventDate "2016.10.22"]

1. d4 Nf6 2. c4 e6 3. g3 d5 4. Nf3 Bb4+ 5. Bd2 Be7 6. Bg2 c6 7. O-O O-O 8. Qc2
Nbd7 9. Bf4 Nh5 10. Bd2 f5 11. Ne5 Nhf6 12. Nc3 Nxe5 13. dxe5 Ng4 14. Rfd1 Qb6
15. Be1 dxc4 16. Na4 Qb5 17. b3 Nxe5 18. Nc3 Qa6 19. h3 b5 20. a4 b4 21. Nb5 Rb8
22. Nd6 c5 23. Nxc4 Nxc4 24. bxc4 Bf6 25. Rab1 Bb7 1/2-1/2

[Event "20th Corsica Masters Open"]
[Site "Bastia FRA"]
[Date "2016.10.27"]
[Round "9.3"]
[White "Vocaturo, Daniele"]
[Black "Andriasian, Zaven"]
[Result "1/2-1/2"]
[WhiteTitle "GM"]
[BlackTitle "GM"]
[WhiteElo "2600"]
[BlackElo "2622"]
[WhiteFideId "813192"]
[BlackFideId "13302000"]
[EventDate "2016.10.22"]

1. d4 d5 2. c4 c6 3. Nc3 Nf6 4. e3 e6 5. Nf3 Nbd7 6. Qc2 Bd6 7. b3 b6 8. Be2 Bb7
9. Bb2 O-O 10. O-O Qe7 11. Rfe1 Rac8 12. Rad1 Rfd8 13. Bf1 Ba3 14. Bxa3 Qxa3 15.
Qc1 Qxc1 16. Rxc1 c5 17. cxd5 Nxd5 18. Nxd5 Bxd5 19. Ba6 Rb8 20. Be2 Rbc8 21.
Ba6 Rb8 22. Be2 Rbc8 23. Ba6 1/2-1/2

[Event "20th Corsica Masters Open"]
[Site "Bastia FRA"]
[Date "2016.10.27"]
[Round "9.4"]
[White "Azarov, Sergei"]
[Black "Deac, Bogdan-Daniel"]
[Result "1/2-1/2"]
[WhiteTitle "GM"]
[BlackTitle "GM"]
[WhiteElo "2577"]
[BlackElo "2543"]
[WhiteFideId "13501470"]
[BlackFideId "1226380"]
[EventDate "2016.10.22"]

1. e4 e5 2. Nf3 Nc6 3. Bb5 Nf6 4. O-O Nxe4 5. d4 Nd6 6. dxe5 Nxb5 7. a4 Nbd4 8.
Nxd4 d5 9. exd6 Bxd6 10. Re1+ Be7 11. Nxc6 Qxd1 12. Rxd1 bxc6 13. Bf4 Rb8 14. b3
Bf5 15. Na3 Bxa3 16. Rxa3 Rd8 17. Raa1 Rxd1+ 18. Rxd1 Ke7 19. Rd2 Rd8 20. Re2+
Kd7 21. f3 f6 22. Be3 a6 23. Rd2+ Kc8 24. Rxd8+ Kxd8 25. a5 Bxc2 26. b4 Kd7 27.
Kf2 Bd3 28. Bc5 Ke6 29. Ke3 Bf1 30. Kf2 Bd3 31. Ke3 Bf1 32. Kf2 Bd3 1/2-1/2

[Event "20th Corsica Masters Open"]
[Site "Bastia FRA"]
[Date "2016.10.27"]
[Round "9.5"]
[White "Kathmale, Sameer"]
[Black "Bellahcene, Bilel"]
[Result "1/2-1/2"]
[WhiteTitle "IM"]
[BlackTitle "IM"]
[WhiteElo "2294"]
[BlackElo "2475"]
[WhiteFideId "5024498"]
[BlackFideId "696358"]
[EventDate "2016.10.22"]

1. e4 e5 2. Nc3 Nf6 3. g3 Bc5 4. Bg2 O-O 5. d3 c6 6. Nge2 d5 7. O-O dxe4 8. Nxe4
Nxe4 9. dxe4 Qe7 10. Bd2 Rd8 11. Qe1 Nd7 12. b4 Bd6 13. c4 a5 14. c5 Bc7 15. Qc1
axb4 16. Bxb4 Nf8 17. f4 exf4 18. gxf4 Ng6 19. Qe3 Nh4 20. Rf2 Be6 21. Ng3 Bc4
22. Bf1 Bxf1 23. Raxf1 Qd7 24. e5 Nf5 25. Qe4 Nxg3 26. hxg3 Qd4 27. Qxd4 Rxd4
28. Rb2 g6 29. Kg2 h5 30. Be1 Ra7 31. Bf2 Rd7 32. Rfb1 Bd8 33. Kf3 Be7 34. g4
Ra3+ 35. Rb3 hxg4+ 36. Kxg4 Rxa2 37. Rxb7 Rxb7 38. Rxb7 Rxf2 39. Rxe7 Rc2 40. e6
fxe6 41. Rxe6 Rxc5 42. Rxg6+ Kf7 43. Rh6 Kg7 44. Re6 Kf7 45. Rh6 Kg7 46. Re6 1/2-1/2

[Event "20th Corsica Masters Open"]
[Site "Bastia FRA"]
[Date "2016.10.27"]
[Round "9.6"]
[White "Gharamian, Tigran"]
[Black "Hansen, Mads"]
[Result "1-0"]
[WhiteTitle "GM"]
[BlackTitle "FM"]
[WhiteElo "2626"]
[BlackElo "2445"]
[WhiteFideId "13301527"]
[BlackFideId "1401610"]
[EventDate "2016.10.22"]

1. e4 e5 2. Nf3 Nc6 3. Bb5 a6 4. Ba4 Nf6 5. O-O Be7 6. Re1 b5 7. Bb3 O-O 8. c3
d6 9. h3 Na5 10. Bc2 c5 11. d4 Qc7 12. Nbd2 Nc6 13. d5 Nd8 14. a4 Rb8 15. b4 Bd7
16. Nf1 Ne8 17. Be3 g6 18. Qd2 f6 19. axb5 axb5 20. Ra6 Rb6 21. Ra8 Rb8 22. Ra6
Rb6 23. Ra8 Rb8 24. Ra6 Rb6 1-0

[Event "20th Corsica Masters Open"]
[Site "Bastia FRA"]
[Date "2016.10.27"]
[Round "9.7"]
[White "Onischuk, Vladimir"]
[Black "Kogan, Arthur"]
[Result "1/2-1/2"]
[WhiteTitle "GM"]
[BlackTitle "GM"]
[WhiteElo "2602"]
[BlackElo "2530"]
[WhiteFideId "14114038"]
[BlackFideId "2800802"]
[EventDate "2016.10.22"]

1. e4 c5 2. Nf3 d6 3. d4 cxd4 4. Nxd4 Nf6 5. Nc3 Nc6 6. g3 g6 7. Bg2 Bd7 8. O-O
Bg7 9. Nde2 Qc8 10. Nf4 h5 11. h4 O-O 12. Re1 Re8 13. Ncd5 Nxd5 14. Nxd5 Bg4 15.
Qd3 Rb8 16. c3 Ne5 17. Qf1 e6 18. Nb4 Bf3 19. Bf4 Bxg2 20. Kxg2 Nc4 21. b3 Ne5
22. Rac1 Qc5 23. Red1 Rbc8 24. Qe2 Red8 25. Nd3 Nxd3 26. Rxd3 d5 27. Bg5 Rd7 28.
exd5 Rxd5 29. c4 Rd4 30. Qf3 Rc7 31. Rcd1 e5 32. Rxd4 exd4 33. Qe4 Kh7 34. a4 a6
35. Rd3 Rd7 36. Bd2 Re7 37. Qf3 f5 38. Bf4 Re4 39. Bg5 Qa3 40. Qd1 Qb4 41. Bd2
Qe7 42. Kf1 Qe6 43. f3 Re5 44. Bf4 Rc5 45. Qe2 Qd7 46. Rd1 Rc6 47. Re1 Rb6 48.
Qd3 Re6 49. Rxe6 Qxe6 50. Qe2 Qd7 51. Qd3 Qe6 52. Qe2 Qd7 53. Qd3 Qe6 1/2-1/2

[Event "20th Corsica Masters Open"]
[Site "Bastia FRA"]
[Date "2016.10.27"]
[Round "9.8"]
[White "Gledura, Benjamin"]
[Black "Lagarde, Maxime"]
[Result "1-0"]
[WhiteTitle "GM"]
[BlackTitle "GM"]
[WhiteElo "2585"]
[BlackElo "2593"]
[WhiteFideId "712779"]
[BlackFideId "662399"]
[EventDate "2016.10.22"]

1. Nf3 c5 2. c4 Nf6 3. Nc3 d5 4. cxd5 Nxd5 5. d4 Nxc3 6. bxc3 cxd4 7. cxd4 e5 8.
dxe5 Qxd1+ 9. Kxd1 Nc6 10. e3 Bg4 11. Bb5 O-O-O+ 12. Ke2 Nxe5 13. h3 Bxf3+ 14.
gxf3 a6 15. Ba4 Bb4 16. Rb1 Ba5 17. Rg1 g6 18. Bb3 f5 19. e4 Nc6 20. Be3 Nd4+
21. Bxd4 Rxd4 22. Bd5 b5 23. Rgd1 Rxd1 24. Rxd1 Re8 25. Rc1+ Kb8 26. Rc6 Ka7 27.
h4 Re7 28. h5 Bc7 29. hxg6 hxg6 30. Rxg6 f4 31. Kf1 a5 32. Kg2 Rh7 33. Bc6 Rh5
34. Rg7 Kb6 35. Rg6 Ka7 36. Be8 Re5 37. Bf7 Rc5 38. Kh3 Rc2 39. Kg4 a4 40. Be8
b4 41. Bxa4 Rxa2 42. Bb3 Rxf2 43. Rc6 Kb8 44. Bd5 Kc8 45. e5 Rd2 46. Be4 b3 47.
e6 Rd8 48. Kf5 b2 49. e7 Rd5+ 50. Kf6 Kd7 51. Rxc7+ Kxc7 52. e8=Q 1-0